Library Banner

Hamematology : (Record no. 132978)

MARC details
000 -LEADER
fixed length control field 00530nam a22001937a 4500
005 - DATE AND TIME OF LATEST TRANSACTION
control field 20231227093748.0
008 - FIXED-LENGTH DATA ELEMENTS--GENERAL INFORMATION
fixed length control field 231227b ||||| |||| 00| 0 eng d
020 ## - INTERNATIONAL STANDARD BOOK NUMBER
International Standard Book Number 9780702051395
040 ## - CATALOGING SOURCE
Transcribing agency PK-LaUMT
082 ## - DEWEY DECIMAL CLASSIFICATION NUMBER
Classification number 616.15
Item number HOW-H
100 ## - MAIN ENTRY--PERSONAL NAME
Personal name Howard, Martin R.
245 ## - TITLE STATEMENT
Title Hamematology :
Remainder of title an illustrated colour text /
Statement of responsibility, etc by Martin R. Howard and Peter J. Hamilton
250 ## - EDITION STATEMENT
Edition statement 4th ed.
260 ## - PUBLICATION, DISTRIBUTION, ETC. (IMPRINT)
Place of publication, distribution, etc Edinburgh :
Name of publisher, distributor, etc Elsevier,
Date of publication, distribution, etc 2023
300 ## - PHYSICAL DESCRIPTION
Extent 125 p
650 ## - SUBJECT ADDED ENTRY--TOPICAL TERM
Topical term or geographic name as entry element Hematology
650 ## - SUBJECT ADDED ENTRY--TOPICAL TERM
Topical term or geographic name as entry element Blood diseases
942 ## - ADDED ENTRY ELEMENTS (KOHA)
Koha item type Books
Holdings
Withdrawn status Lost status Damaged status Home library Current library Date acquired Full call number Barcode Date last seen Price effective from Koha item type Copy number
      UMT Health Sciences Campus UMT Health Sciences Campus 2023-12-27 616.15 HOW-H 146220 2025-06-30 2023-12-27 Books  
      UMT Health Sciences Campus UMT Health Sciences Campus 2023-12-27 616.15 HOW-H 146221 2023-12-27 2023-12-27 Books C.2
      UMT Health Sciences Campus UMT Health Sciences Campus 2023-12-27 616.15 HOW-H 146222 2023-12-27 2023-12-27 Books C.3